000 00452nam a2200181Ia 4500
001 5189
005 20260306145850.0
008 260306t2011||||xx |||||||||||||| ||spa||
041 _aESP
082 _a337.1
_bG39
100 _aGhemawat, Pankaj
_eAUT
245 0 _aMundo 3.0:
_bla prosperidad global y las vías para alcanzarla
260 _c2011
300 _a383 páginas :
_c23 cm.
650 _aGEN
654 _aCAN
942 _cLIB
_dJUS
_fJUS
_2ddc
_n
999 _c5189
_d5189